Statistics for All La Liga Teams Ever

Click here to take the quiz!

General Stats

  • This quiz has been taken 5,160 times
  • The average score is 33 of 63

Answer Stats

Team% Correct
Real Madrid
99%
Barcelona
98%
Atlético Madrid
97%
Athletic Bilbao
94%
Sevilla
94%
Valencia
93%
Real Betis
89%
Real Sociedad
88%
Villarreal
86%
Deportivo La Coruña
83%
Espanyol
82%
Mallorca
82%
CD Málaga
81%
Málaga
81%
Celta Vigo
78%
Getafe
78%
Real Zaragoza
75%
Real Valladolid
73%
Granada
72%
Las Palmas
72%
Cádiz
71%
Girona
70%
Rayo Vallecano
69%
Osasuna
67%
Deportivo Alavés
65%
Levante
65%
AD Almería
63%
Elche
63%
UD Almería
63%
Tenerife
59%
Sporting Gijón
58%
Eibar
57%
Racing Santander
57%
Real Oviedo
55%
Huesca
51%
Real Murcia
50%
Leganés
48%
Córdoba
47%
Albacete
44%
Recreativo Huelva
37%
Hércules
34%
Salamanca
34%
Burgos
32%
Real Burgos
32%
Numancia
30%
Xerez
27%
Castellón
23%
Extremadura
23%
Gimnàstic
23%
Real Jaén
23%
Lleida
22%
CD Logroñés
20%
Sabadell
20%
Compostela
19%
Real Unión
19%
CP Mérida
18%
Cultural Leonesa
17%
Pontevedra
15%
Arenas Getxo
14%
Alcoyano
13%
Europa
13%
Atlético Tetuán
10%
Condal
7%

Score Distribution

Percentile by Number Answered

Percent of People with Each Score

Your Score History

You have not taken this quiz